000 01359nam0a22002531 4500
001 rc\3733570
005 20260407132441.0
021 _aRU
_bРг9056-72
035 _a(NLR Aleph) 007867212
090 _a7834346
_c7834346
100 _a20130115d1971 |||y0rusy50 ca
101 0 _arus
102 _aRU
105 _ay z |||||
200 1 _aВопросы клиники, диагностики, врачебно-трудовой экспертизы и реабилитации
_eМатериалы совещания
_fМ-во угольной пром-сти СССР. Ордена Труд. Красного Знамени Ин-т горного дела им. А.А. Скочинского. Центр. комис. по борьбе с силикозом. Ин-т гигиены труда и профзаболеваний АМН СССР. Совещание по пылевым бронхитам. 26-27 мая 1971 г.
210 _aМосква
_cБ. и.
_d1971
215 _a58 с.
_d21
606 _aБронхит
_xЭтиология
_xРоль пыли
_jСъезды, совещания и т.п.
_2psbo
710 1 2 _aСовещание по пылевым бронхитам
_eМосква
_f1971
_9659479
_3RU\NLR\AUTH\8810078658
801 0 _aRU
_bNLR
_gpsbo
801 1 _aRU
_bELAR
_2rusmarc
852 _aNLR
_j72-4/14977
942 _cBOOK
980 _aNB